000 00495nam a2200181Ia 4500
005 20250508162532.0
008 008 250505s9999 xx 000 0 san d
037 _aTextual
040 _aFEDL
_beng
_cFEDL
041 _asan
_2eng
084 _a891.22, KRI
_qFEDL
100 _aKrishnlal:
_9424199
245 0 _aChamtkar:, Navlaghuroupaksangrah:
260 _aDelhi, India
_bVibhuvaibhavam
_c1985
300 _a103p
942 _cTEXL
_h891.22, KRI
999 _c1377161
_d1377161